Densité de population dans le monde - Statistiques

Statistiques générales
  • Ce quiz a été pris 115 fois
    108 depuis la dernière actualisation
  • Le résultat moyen est 26 sur 28
Statistiques - réponses
Continent Rang % Correct
Continent Afrique 2
100%
Continent Amérique 4
100%
Continent Asie 1
99%
Continent Europe 3
99%
Continent Océanie 5
99%
Continent Antarctique 6
99%
Océanie Micronésie 1
94%
Océanie Polynésie 2
94%
Océanie Mélanésie 3
94%
Océanie Australie/Nouvelle-Zélande 4
94%
Afrique Afrique de l'Est 1
91%
Amérique Caraïbes 1
91%
Afrique Afrique de l'Ouest 2
91%
Amérique Amérique centrale 2
91%
Afrique Afrique du Nord 3
91%
Amérique Amérique du Sud 3
91%
Afrique Afrique australe 4
91%
Amérique Amérique du Nord 4
91%
Afrique Afrique centrale 5
91%
Asie Asie du Sud 1
90%
Europe Europe de l'Ouest 1
90%
Asie Asie du Sud-Est 2
89%
Europe Europe du Sud 2
89%
Asie Asie de l'Est 3
89%
Europe Europe de l'Est 3
89%
Asie Asie de l'Ouest 4
89%
Europe Europe du Nord 4
89%
Asie Asie centrale 5
89%
Aucun quiz correspondant
Distribution des résultats
% des personnes avec chaque résultat
Percentile par nombre de réponses
Votre historique - résultats
Vous n’avez pas pris ce quiz depuis la dernière actualisation